Find the US States - No Outlines Quiz Stats

 Plays Quiz not verified by Sporcle

Score 0/50 Timer 07:00
525 Plays Today
% Correct
Texas
82.9%
Alaska
82.6%
California
82.5%
Florida
82.5%
Hawaii
81%
Washington
80.5%
Maine
80%
Oregon
78.1%
North Dakota
78%
Michigan
77.6%
New York
76.5%
Arizona
76.4%
Montana
76.4%
New Mexico
76%
South Dakota
75.9%
Nevada
75.7%
North Carolina
74.7%
Georgia
74.6%
Louisiana
74.6%
South Carolina
74%
Minnesota
71.7%
Illinois
71.3%
Wisconsin
71%
Alabama
70.3%
Pennsylvania
70.2%
% Correct
Virginia
70%
New Jersey
69.7%
Oklahoma
69.6%
Utah
69.5%
Mississippi
69.1%
Ohio
69%
Tennessee
68.9%
Idaho
68.4%
Colorado
68%
Massachusetts
67.6%
Kansas
67.6%
Indiana
67.5%
Wyoming
66.8%
Vermont
65.9%
Arkansas
65.8%
Connecticut
65.4%
West Virginia
65.2%
Kentucky
64.9%
Maryland
64.6%
New Hampshire
64.6%
Iowa
63.5%
Missouri
63.1%
Nebraska
62.8%
Rhode Island
60.9%
Delaware
60.3%

You're not logged in!

Compare scores with friends on all Sporcle quizzes.
OR
Log In

Show Comments

Extras

Top Quizzes Today


Score Distribution

Your Account Isn't Verified!

In order to create a playlist on Sporcle, you need to verify the email address you used during registration. Go to your Sporcle Settings to finish the process.

Report this User

Report this user for behavior that violates our Community Guidelines.

Details: